42 параллель; 1919: романы; пер. с англ.

Dades bibliogràfiques
Autor principal: Дос Пассос Д. Джон
Altres autors: Засурский Я. (автор предисловия)
Sumari:Исключено из фонда НТБ ТПУ
Idioma:rus
Publicat: Москва, Прогресс, 1981
Col·lecció:Библиотека литературы США
Format: MixedMaterials Llibre
KOHA link:https://koha.lib.tpu.ru/cgi-bin/koha/opac-detail.pl?biblionumber=159562

MARC

LEADER 00000nam0a2200000 4500
001 159562
005 20231031155215.0
020 |a RU  |b 81-69287 
035 |a (RuTPU)RU\TPU\book\173070 
090 |a 159562 
100 |a 20090512d1981 m y0rusy5003 ca 
101 1 |a rus  |c eng 
102 |a RU 
105 |a y z 000ay 
200 1 |a 42 параллель; 1919  |e романы  |e пер. с англ.  |f Д. Дос Пассос  |g авт. предисл. Я. Засурский 
210 |a Москва  |c Прогресс  |d 1981 
215 |a 815 с.  |d 21 см. 
225 1 |a Библиотека литературы США 
333 |a Исключено из фонда НТБ ТПУ 
675 |a 82  |z rus 
700 1 |a Дос Пассос  |b Д.  |g Джон  |4 070 
702 1 |a Засурский  |b Я.  |4 080 
801 0 |a RU  |b RuMRKP  |c 19950704  |g psbo 
801 1 |a RU  |b 63413507  |c 20090512  |g PSBO 
801 2 |a RU  |b 63413507  |c 20211221  |g PSBO 
942 |c BK